[Event "Portugal Open 2020"]
[Site "Lisboa POR"]
[Date "2020.01.29"]
[Round "6.17"]
[White "Butkiewicz, Lukasz"]
[Black "Chkhaidze, Nikoloz"]
[Result "1/2-1/2"]
[WhiteElo "2416"]
[BlackElo "2288"]
[WhiteFideId "1122428"]
[BlackFideId "13601750"]
[WhiteTitle "IM"]
[BlackTitle "FM"]
[WhiteCountry "POL"]
[BlackCountry "GEO"]
[PlyCount "87"]
[EventDate "2020.??.??"]

1. d4 Nf6 2. Bg5 e6 3. e4 h6 4. Bxf6 Qxf6 5. c3 c5 6. Nf3 cxd4 7. cxd4 Bb4+ 8.
Nc3 O-O 9. Bd3 d6 10. e5 dxe5 11. dxe5 Qe7 12. Qe2 Nd7 13. Qe4 f5 14. exf6 Nxf6
15. Qh4 e5 16. O-O Bg4 17. Nd5 Nxd5 18. Qxg4 Rf4 19. Qg6 Nf6 20. a3 Rg4 21. Qf5
Bd6 22. Nd2 g6 23. Bc4+ Kg7 24. Qe6 Qc7 25. Be2 Re8 26. Qb3 Rd4 27. Rac1 Qe7 28.
Nc4 Bb8 29. Rc2 Nd5 30. g3 h5 31. Ne3 Nf6 32. Bf3 e4 33. Bg2 h4 34. Rfc1 Red8
35. Rc8 Rd3 36. Qb5 hxg3 37. hxg3 Rxc8 38. Rxc8 Bxg3 39. Qg5 Qd7 40. Rc5 Bd6 41.
Nf5+ Kf7 42. Nh6+ Kg7 43. Nf5+ Kf7 44. Nh6+ 1/2-1/2

[Event "Portugal Open 2020"]
[Site "Lisboa POR"]
[Date "2020.01.29"]
[Round "6.18"]
[White "Savanovic, Aleksandar"]
[Black "Grabuzova, Tatiana"]
[Result "1-0"]
[WhiteElo "2414"]
[BlackElo "2284"]
[WhiteFideId "914932"]
[BlackFideId "4108752"]
[WhiteTitle "IM"]
[BlackTitle "WGM"]
[WhiteCountry "BIH"]
[BlackCountry "RUS"]
[PlyCount "101"]
[EventDate "2020.??.??"]

1. e4 c6 2. d4 d5 3. Nc3 dxe4 4. Nxe4 Bf5 5. Ng3 Bg6 6. h4 h6 7. Nf3 Nd7 8. h5
Bh7 9. Bd3 Bxd3 10. Qxd3 Ngf6 11. Bf4 Qa5+ 12. Bd2 Qc7 13. O-O-O e6 14. Ne4 Nxe4
15. Qxe4 Nf6 16. Qe2 O-O-O 17. Kb1 c5 18. dxc5 Bxc5 19. Rh4 Qe7 20. Rc4 Kb8 21.
Ne5 Rd5 22. Nd3 Bb6 23. g4 Ne8 24. Nb4 Rd7 25. Bf4+ Nc7 26. Nd3 f6 27. Bxc7+
Bxc7 28. Re4 e5 29. f4 Rhd8 30. Re1 Qf7 31. fxe5 Bxe5 32. Nxe5 fxe5 33. b3 Rd2
34. Qe3 Qf6 35. Qc3 Rd1+ 36. Rxd1 Rxd1+ 37. Kb2 Rd4 38. Rxd4 exd4 39. Qg3+ Kc8
40. Kc1 Kd7 41. Kd2 Ke6 42. Kd3 Kd5 43. Qg2+ Kc5 44. b4+ Kb6 45. Qe4 Qf1+ 46.
Kxd4 Qf2+ 47. Kc3 Qg3+ 48. Kb2 Qc7 49. Qe6+ Kb5 50. Kb3 Qg3+ 51. c3 1-0

[Event "Portugal Open 2020"]
[Site "Lisboa POR"]
[Date "2020.01.29"]
[Round "6.19"]
[White "Hill, Alistair"]
[Black "Alshameary Puente, Ismael"]
[Result "0-1"]
[WhiteElo "2217"]
[BlackElo "2385"]
[WhiteFideId "432407"]
[BlackFideId "2225166"]
[BlackTitle "IM"]
[WhiteCountry "ENG"]
[BlackCountry "ESP"]
[PlyCount "92"]
[EventDate "2020.??.??"]

1. d4 Nf6 2. c4 e6 3. Nf3 d5 4. Nc3 a6 5. cxd5 exd5 6. Bg5 Be6 7. Qb3 Ra7 8. Rc1
Bd6 9. e3 Nbd7 10. Be2 O-O 11. O-O Re8 12. Rfd1 Nf8 13. Qa4 Ra8 14. Ne5 c5 15.
Ng4 b5 16. Qc2 c4 17. Bxf6 gxf6 18. e4 Bf4 19. Ne3 dxe4 20. Qxe4 Ng6 21. Qf3 f5
22. g3 Bxe3 23. fxe3 Qg5 24. a3 Rab8 25. Bf1 Bc8 26. Re1 Bb7 27. Qf2 Nh4 28. d5
Ng6 29. e4 fxe4 30. Nxe4 Rxe4 31. Rxe4 Qxc1 32. Qa7 Rd8 33. Qxb7 Qxb2 34. Qxa6
Kg7 35. d6 Ne5 36. Rf4 Rd7 37. a4 bxa4 38. Bxc4 Qc1+ 39. Kg2 Qd2+ 40. Rf2 Qd4
41. Bb5 Ra7 42. Qc8 Qd5+ 43. Kh3 Qxb5 44. Rf5 Qd7 45. Qc2 a3 46. Kg2 Qc6+ 0-1

[Event "Portugal Open 2020"]
[Site "Lisboa POR"]
[Date "2020.01.29"]
[Round "6.20"]
[White "Palozza, Christian"]
[Black "Bashirli, Nail"]
[Result "0-1"]
[WhiteElo "2198"]
[BlackElo "2379"]
[WhiteFideId "895580"]
[BlackFideId "13406809"]
[WhiteTitle "FM"]
[BlackTitle "IM"]
[WhiteCountry "ITA"]
[BlackCountry "AZE"]
[PlyCount "54"]
[EventDate "2020.??.??"]

1. d4 Nf6 2. c4 e6 3. Nf3 b6 4. g3 Ba6 5. b3 Bb4+ 6. Bd2 Be7 7. Bg2 c6 8. Bc3 d5
9. Nbd2 Nbd7 10. O-O c5 11. Re1 O-O 12. e4 dxc4 13. Nxc4 cxd4 14. Bxd4 Rc8 15.
Rc1 b5 16. Nce5 Nxe5 17. Bxe5 Bb7 18. Qe2 Qa5 19. Bxf6 gxf6 20. Nd4 b4 21. e5
Bxg2 22. Nxe6 Bh3 23. Nxf8 Rxc1 24. Rxc1 Qd5 25. f3 Kxf8 26. Qe3 Kg7 27. Rc7
Qd1+ 0-1

[Event "Portugal Open 2020"]
[Site "Lisboa POR"]
[Date "2020.01.29"]
[Round "6.21"]
[White "Jorge, Rita"]
[Black "Sabuk, Piotr"]
[Result "0-1"]
[WhiteElo "1932"]
[BlackElo "2360"]
[WhiteFideId "1923161"]
[BlackFideId "1137565"]
[WhiteTitle "WFM"]
[BlackTitle "IM"]
[WhiteCountry "POR"]
[BlackCountry "POL"]
[PlyCount "64"]
[EventDate "2020.??.??"]

1. e4 e5 2. Nf3 Nc6 3. Bc4 Nf6 4. d3 h6 5. c3 d6 6. O-O g5 7. Re1 g4 8. Nfd2 h5
9. Nf1 h4 10. g3 Nh7 11. Ne3 Bh6 12. d4 Bxe3 13. Bxe3 Ng5 14. Bxg5 Qxg5 15. Na3
Bd7 16. d5 Ne7 17. Bb5 O-O-O 18. Bxd7+ Rxd7 19. Nc4 f5 20. Ne3 hxg3 21. fxg3 Qh5
22. Qe2 f4 23. Nf1 Ng6 24. Qf2 Kb8 25. c4 Rdh7 26. b4 fxg3 27. Qxg3 Qg5 28. c5
Rh3 29. Qf2 Nh4 30. Re3 Nf3+ 31. Kh1 Qxe3 32. Qxe3 Rxh2+ 0-1

[Event "Portugal Open 2020"]
[Site "Lisboa POR"]
[Date "2020.01.29"]
[Round "6.22"]
[White "Napoli, Nicolo"]
[Black "Fróis, António"]
[Result "1/2-1/2"]
[WhiteElo "2333"]
[BlackElo "2273"]
[WhiteFideId "813702"]
[BlackFideId "1900080"]
[WhiteTitle "FM"]
[BlackTitle "IM"]
[WhiteCountry "ITA"]
[BlackCountry "POR"]
[PlyCount "55"]
[EventDate "2020.??.??"]

1. d4 Nf6 2. c4 g6 3. Nf3 Bg7 4. g3 O-O 5. Bg2 d6 6. O-O c5 7. Nc3 Nc6 8. d5 Na5
9. Qd3 a6 10. Nd2 Bd7 11. b3 Rb8 12. Bb2 b5 13. Rab1 Qc7 14. cxb5 axb5 15. Rfc1
Qa7 16. h3 Rfc8 17. Qf3 b4 18. Nce4 Nxe4 19. Nxe4 Bf5 20. g4 Bxe4 21. Qxe4 Re8
22. Bf3 Rbc8 23. Kg2 e6 24. Qd3 Bxb2 25. Rxb2 e5 26. e4 Qe7 27. Rbc2 Ra8 28. Qe3
1/2-1/2

[Event "Portugal Open 2020"]
[Site "Lisboa POR"]
[Date "2020.01.29"]
[Round "6.25"]
[White "Fernandes, João Pedro"]
[Black "Stella, Andrea"]
[Result "0-1"]
[WhiteElo "2099"]
[BlackElo "2465"]
[WhiteFideId "1926624"]
[BlackFideId "827061"]
[BlackTitle "GM"]
[WhiteCountry "POR"]
[BlackCountry "ITA"]
[PlyCount "92"]
[EventDate "2020.??.??"]

1. e4 c5 2. Nf3 e6 3. d4 cxd4 4. Nxd4 Nc6 5. Nc3 Qc7 6. f4 Nxd4 7. Qxd4 b6 8.
Be3 Bb7 9. Be2 Nf6 10. Bf3 Bc5 11. Qd3 Bb4 12. O-O Bxc3 13. bxc3 d5 14. exd5
Nxd5 15. f5 O-O-O 16. fxe6 fxe6 17. Bg5 Rd7 18. Rad1 Qc5+ 19. Kh1 Nf6 20. Bxb7+
Kxb7 21. Qf3+ Nd5 22. Qe4 Qxc3 23. Qxe6 Qc6 24. Qe4 h6 25. Bh4 g5 26. Bg3 Rhd8
27. c4 Nf4 28. Rxd7+ Rxd7 29. Qxc6+ Kxc6 30. h4 Rd4 31. hxg5 hxg5 32. Bxf4 gxf4
33. Kh2 Rxc4 34. Rf2 b5 35. Kh3 a5 36. Kg4 b4 37. Kf5 a4 38. Ke5 b3 39. axb3
axb3 40. Rb2 Rb4 41. Ke6 Kc5 42. Ke5 Kc4 43. Rf2 b2 44. Rxf4+ Kc5 45. Rf1 b1=Q
46. Rxb1 Rxb1 0-1

[Event "Portugal Open 2020"]
[Site "Lisboa POR"]
[Date "2020.01.29"]
[Round "6.26"]
[White "Sarkar, Justin"]
[Black "Ferreira, Hugo"]
[Result "1-0"]
[WhiteElo "2385"]
[BlackElo "2109"]
[WhiteFideId "2010011"]
[BlackFideId "1915940"]
[WhiteTitle "IM"]
[WhiteCountry "USA"]
[BlackCountry "POR"]
[PlyCount "119"]
[EventDate "2020.??.??"]

1. d4 Nf6 2. c4 g6 3. Nc3 d5 4. cxd5 Nxd5 5. e4 Nxc3 6. bxc3 Bg7 7. Bc4 c5 8.
Ne2 O-O 9. h4 h5 10. Nf4 e6 11. Nxh5 gxh5 12. Qxh5 cxd4 13. Rh3 f6 14. Rg3 Rf7
15. Bh6 Qe7 16. cxd4 Nc6 17. Rc1 Bd7 18. Kf1 Nxd4 19. Rcc3 Be8 20. Bxg7 Rxg7 21.
Qh6 Rc8 22. Rxg7+ Qxg7 23. Bxe6+ Nxe6 24. Qxg7+ Kxg7 25. Rxc8 Bb5+ 26. Ke1 Bc6
27. f3 a5 28. Kd2 a4 29. Ke3 Nc5 30. a3 Nd7 31. f4 f5 32. e5 Nb6 33. Rc7+ Kg6
34. Kd4 Bxg2 35. h5+ Kxh5 36. Rg7 Bc6 37. Rg5+ Kh6 38. Rxf5 Kg6 39. Rg5+ Kf7 40.
f5 Nd5 41. Rh5 Nf4 42. Rh7+ Kg8 43. Rh4 Ng2 44. Rg4+ Kf7 45. f6 Ke6 46. Rg7 Nh4
47. Re7+ Kf5 48. f7 Ng6 49. Re8 Bd7 50. f8=Q+ Nxf8 51. Rxf8+ Ke6 52. Rf6+ Ke7
53. Ke4 Be6 54. Rh6 Bd7 55. Rb6 Bc6+ 56. Kf5 Bd7+ 57. e6 Bc6 58. Ke5 Bf3 59. Rb4
Bc6 60. Rh4 1-0

[Event "Portugal Open 2020"]
[Site "Lisboa POR"]
[Date "2020.01.29"]
[Round "6.28"]
[White "Fernandes, Alberto"]
[Black "Lekic, Dusan"]
[Result "1-0"]
[WhiteElo "2092"]
[BlackElo "2343"]
[WhiteFideId "1900277"]
[BlackFideId "905330"]
[WhiteTitle "NM"]
[BlackTitle "IM"]
[WhiteCountry "POR"]
[BlackCountry "MNE"]
[PlyCount "31"]
[EventDate "2020.??.??"]

1. b3 e5 2. Bb2 Nc6 3. e3 d5 4. Bb5 Bd6 5. f4 f6 6. Nf3 exf4 7. exf4 Bxf4 8. Nd4
Nge7 9. O-O Be5 10. Qh5+ g6 11. Qh6 Bxd4+ 12. Bxd4 Nf5 13. Rxf5 Bxf5 14. Qg7 Qe7
15. Qxh8+ Kd7 16. Qxf6 1-0

[Event "Portugal Open 2020"]
[Site "Lisboa POR"]
[Date "2020.01.29"]
[Round "6.29"]
[White "Pastor Alonso De Prado, Alberto"]
[Black "Gahan, M G"]
[Result "0-1"]
[WhiteElo "2074"]
[BlackElo "2245"]
[WhiteFideId "2255740"]
[BlackFideId "5027373"]
[BlackTitle "FM"]
[WhiteCountry "ESP"]
[BlackCountry "IND"]
[PlyCount "62"]
[EventDate "2020.??.??"]

1. e4 d5 2. exd5 Nf6 3. Nf3 Nxd5 4. d4 g6 5. c4 Nb6 6. c5 Nd5 7. Nc3 Bg7 8. Qb3
c6 9. Bc4 O-O 10. O-O Nxc3 11. bxc3 b5 12. cxb6 axb6 13. Re1 b5 14. Bd3 Qd6 15.
a4 Be6 16. Qc2 b4 17. Bb2 c5 18. Be4 Ra7 19. d5 bxc3 20. dxe6 cxb2 21. exf7+ Kh8
22. Rad1 Qb6 23. Bd5 Nc6 24. Re6 Nb4 25. Qe4 Qd8 26. Ne5 Bf6 27. Bb3 Kg7 28.
Rxd8 Rxd8 29. f4 Rd3 30. Ba2 Rd1+ 31. Kf2 Nxa2 0-1

[Event "Portugal Open 2020"]
[Site "Lisboa POR"]
[Date "2020.01.29"]
[Round "6.30"]
[White "Corbalán Gómez, Juan José"]
[Black "Marzano, Carlo"]
[Result "1/2-1/2"]
[WhiteElo "2243"]
[BlackElo "2078"]
[WhiteFideId "2260492"]
[BlackFideId "802980"]
[WhiteCountry "ESP"]
[BlackCountry "ITA"]
[PlyCount "65"]
[EventDate "2020.??.??"]

1. c4 e5 2. Nc3 Nf6 3. g3 Nc6 4. Bg2 Bc5 5. e3 d5 6. cxd5 Nb4 7. d3 c6 8. Nf3
Bg4 9. O-O Nbxd5 10. h3 Bxf3 11. Bxf3 Qd7 12. Kg2 Nb4 13. d4 exd4 14. exd4 Be7
15. Bf4 O-O 16. a3 Nbd5 17. Be5 Nb6 18. Qb3 Rad8 19. Rfe1 Rfe8 20. Rad1 Nfd5 21.
Bg4 f5 22. Bh5 Rf8 23. Bf3 Bf6 24. a4 a5 25. Bxf6 Rxf6 26. Re5 Rf7 27. Rde1 g6
28. Nxd5 Nxd5 29. Qc4 Kg7 30. Bxd5 cxd5 31. Qc5 Qxa4 32. Re7 Rd7 33. R1e5
1/2-1/2

[Event "Portugal Open 2020"]
[Site "Lisboa POR"]
[Date "2020.01.29"]
[Round "6.31"]
[White "Xu, Yang"]
[Black "Rodriguez Lopez, Rafael"]
[Result "1-0"]
[WhiteElo "2047"]
[BlackElo "2212"]
[WhiteFideId "8624780"]
[BlackFideId "2204495"]
[BlackTitle "IM"]
[WhiteCountry "CHN"]
[BlackCountry "ESP"]
[PlyCount "121"]
[EventDate "2020.??.??"]

1. Nf3 Nf6 2. g3 d5 3. Bg2 Bf5 4. d3 e6 5. Nbd2 h6 6. O-O Be7 7. Qe1 O-O 8. e4
Bh7 9. Qe2 c5 10. Ne5 Nbd7 11. Nxd7 Qxd7 12. Re1 Rfd8 13. Nf1 Rac8 14. e5 Ne8
15. h4 c4 16. d4 c3 17. b3 Nc7 18. f4 Nb5 19. Be3 Na3 20. Rac1 Qb5 21. Qf2 Rc6
22. Nh2 Qa5 23. Rf1 Rdc8 24. f5 Bxf5 25. g4 Bxh4 26. Qxh4 Nxc2 27. Bxh6 Bg6 28.
Bxg7 Kxg7 29. Rxc2 Qb6 30. Qf2 R6c7 31. Rcc1 c2 32. Nf3 a5 33. Nh4 a4 34. Nxg6
fxg6 35. g5 axb3 36. axb3 Qxb3 37. Qf6+ Kh7 38. Rf3 Rc3 39. Qe7+ Kh8 40. Qxe6
Rxf3 41. Qxc8+ Kg7 42. Qxc2 Qe3+ 43. Kh1 Rf8 44. Qc7+ Rf7 45. Qc3 Qxg5 46. Kg1
b5 47. Re1 Qh4 48. Qe3 Rf5 49. e6 Rh5 50. Bh3 Rg5+ 51. Kh2 Rf5 52. e7 Rf2+ 53.
Kg1 Rf3 54. Qe5+ Kh7 55. Qh8+ Kxh8 56. e8=Q+ Kg7 57. Re7+ Kh6 58. Qh8+ Kg5 59.
Re5+ Rf5 60. Qxh4+ Kxh4 61. Bxf5 0-1

[Event "Portugal Open 2020"]
[Site "Lisboa POR"]
[Date "2020.01.29"]
[Round "6.32"]
[White "Santos, José Gulherme"]
[Black "Guerreiro, Nuno"]
[Result "1-0"]
[WhiteElo "2211"]
[BlackElo "2071"]
[WhiteFideId "1939300"]
[BlackFideId "1903012"]
[WhiteTitle "NM"]
[WhiteCountry "POR"]
[BlackCountry "POR"]
[PlyCount "83"]
[EventDate "2020.??.??"]

1. e4 Nf6 2. e5 Nd5 3. d4 d6 4. c4 Nb6 5. exd6 exd6 6. Nc3 Be7 7. Bd3 Nc6 8.
Nge2 Bg4 9. f3 Bh5 10. O-O Bg6 11. b3 O-O 12. Be3 Re8 13. Bf2 Bg5 14. f4 Bf6 15.
Ng3 Bxd3 16. Qxd3 d5 17. c5 Nc8 18. Nh5 Bh4 19. g3 Be7 20. f5 Bg5 21. h4 Bh6 22.
Qf3 Nb4 23. a3 Nc2 24. Ra2 Ne3 25. Re1 Nxf5 26. Rxe8+ Qxe8 27. Qxf5 Ne7 28. Qg4
Qc6 29. Re2 Ng6 30. b4 a6 31. a4 b5 32. Qf3 Rd8 33. g4 f6 34. Qf5 bxa4 35. g5
fxg5 36. hxg5 Rf8 37. Qg4 Bxg5 38. Qxg5 a3 39. Nxd5 Qd7 40. Re7 Qh3 41. Rxg7+
Kh8 42. Rxg6 1-0

[Event "Portugal Open 2020"]
[Site "Lisboa POR"]
[Date "2020.01.29"]
[Round "6.33"]
[White "Poysti, Nathanael"]
[Black "Maric, Boris"]
[Result "1-0"]
[WhiteElo "2203"]
[BlackElo "2034"]
[WhiteFideId "24622133"]
[BlackFideId "16211367"]
[WhiteCountry "GER"]
[BlackCountry "GER"]
[PlyCount "59"]
[EventDate "2020.??.??"]

1. c4 e5 2. Nc3 Nf6 3. Nf3 Nc6 4. e4 Bb4 5. d3 d6 6. a3 Bxc3+ 7. bxc3 h6 8. g3
O-O 9. Bg2 Be6 10. O-O Nd7 11. Rb1 f5 12. exf5 Bxf5 13. Nh4 Bh7 14. Rxb7 Na5 15.
Rb4 c6 16. Qe2 Nc5 17. Rd1 g5 18. d4 exd4 19. cxd4 Re8 20. Be3 Ne4 21. Bxe4 Bxe4
22. Nf3 Qf6 23. Nd2 Bf5 24. Qf3 Qe6 25. d5 Qd7 26. Rc1 Bg4 27. Qf6 Kh7 28. c5
cxd5 29. cxd6 Re6 30. Qd4 1-0

[Event "Portugal Open 2020"]
[Site "Lisboa POR"]
[Date "2020.01.29"]
[Round "6.34"]
[White "Maloberti, David"]
[Black "Jaracz, Barbara"]
[Result "1-0"]
[WhiteElo "2017"]
[BlackElo "2200"]
[WhiteFideId "620149"]
[BlackFideId "1107453"]
[BlackTitle "WGM"]
[WhiteCountry "FRA"]
[BlackCountry "POL"]
[PlyCount "71"]
[EventDate "2020.??.??"]

1. d4 d5 2. c4 c6 3. Nf3 Nf6 4. Nc3 dxc4 5. a4 Bf5 6. e3 e6 7. Bxc4 Bb4 8. O-O
O-O 9. Ne5 Nbd7 10. Nd3 Be7 11. Re1 c5 12. dxc5 Nxc5 13. Nxc5 Bxc5 14. Qb3 Qc7
15. h3 Rac8 16. Nb5 Qa5 17. Re2 Rfd8 18. Nc3 Ne4 19. Nxe4 Bxe4 20. Bxe6 Rd3 21.
Bxf7+ Kf8 22. Qe6 Rd1+ 23. Kh2 Qc7+ 24. f4 Bd5 25. Qxd5 Rd3 26. Qd4 Rxd4 27. Be6
Rd5 28. Bxd5 Qb6 29. b3 Qa6 30. Bc4 Qc6 31. e4 g5 32. fxg5 Re8 33. e5 Bd4 34.
Ba3+ Kg7 35. Rf1 Rxe5 36. Rf7+ 1-0

[Event "Portugal Open 2020"]
[Site "Lisboa POR"]
[Date "2020.01.29"]
[Round "6.35"]
[White "Hulshof, Peter"]
[Black "Martins, Diogo"]
[Result "1-0"]
[WhiteElo "2192"]
[BlackElo "1998"]
[WhiteFideId "1003291"]
[BlackFideId "1926934"]
[WhiteCountry "NED"]
[BlackCountry "POR"]
[PlyCount "53"]
[EventDate "2020.??.??"]

1. e4 c5 2. Nc3 g6 3. g3 Bg7 4. Bg2 Nc6 5. d3 d6 6. f4 e6 7. Nf3 Nge7 8. O-O O-O
9. Be3 b6 10. Bf2 d5 11. e5 Rb8 12. Qd2 d4 13. Ne4 Nd5 14. Rae1 Bb7 15. Nd6 Ba8
16. Ng5 Nce7 17. g4 Qd7 18. Nde4 h6 19. Nf3 f5 20. exf6 Nxf6 21. h3 Nxe4 22.
dxe4 e5 23. f5 g5 24. h4 gxh4 25. Bxh4 Nc8 26. g5 hxg5 27. Qxg5 1-0

[Event "Portugal Open 2020"]
[Site "Lisboa POR"]
[Date "2020.01.29"]
[Round "6.36"]
[White "Casagrande, Federico"]
[Black "Reis, Luís Sousa"]
[Result "1-0"]
[WhiteElo "1999"]
[BlackElo "2187"]
[WhiteFideId "2827137"]
[BlackFideId "1900609"]
[BlackTitle "NM"]
[WhiteCountry "ITA"]
[BlackCountry "POR"]
[PlyCount "49"]
[EventDate "2020.??.??"]

1. d4 d5 2. c4 e5 3. dxe5 d4 4. Nf3 Nc6 5. g3 Be6 6. Nbd2 Qd7 7. Bg2 Bh3 8. O-O
h5 9. e6 Bxe6 10. Qb3 Na5 11. Qb5 Qxb5 12. cxb5 O-O-O 13. Ng5 Nh6 14. Nxe6 fxe6
15. Bh3 Nf5 16. Ne4 g6 17. Ng5 Rd5 18. Nxe6 Bd6 19. Rd1 Re8 20. e4 dxe3 21. Rxd5
e2 22. Bd2 Nc4 23. Ng7 Re5 24. Nxf5 Nxd2 25. Nd4+ 1-0

[Event "Portugal Open 2020"]
[Site "Lisboa POR"]
[Date "2020.01.29"]
[Round "6.38"]
[White "Ruiz Viñals, Matias"]
[Black "Cambando, José"]
[Result "0-1"]
[WhiteElo "1964"]
[BlackElo "2166"]
[WhiteFideId "2252295"]
[BlackFideId "10100563"]
[BlackTitle "CM"]
[WhiteCountry "ESP"]
[BlackCountry "ANG"]
[PlyCount "102"]
[EventDate "2020.??.??"]

1. Nf3 Nf6 2. c4 d6 3. Nc3 e5 4. g3 Be7 5. Bg2 O-O 6. O-O c6 7. b3 Nbd7 8. Bb2
Re8 9. Qc2 a5 10. d4 Qc7 11. Rad1 Bf8 12. dxe5 dxe5 13. Ng5 h6 14. Nge4 Nxe4 15.
Nxe4 Nc5 16. Ba3 b6 17. Nxc5 bxc5 18. Rd2 f5 19. Rfd1 Be6 20. Bb2 a4 21. Bh3
axb3 22. axb3 e4 23. Qc3 Qf7 24. Qe3 Be7 25. Qf4 Bg5 26. Qe5 Bxd2 27. Rxd2 Bxc4
28. Qxc5 Bd5 29. b4 Rab8 30. e3 Rb5 31. Qc3 Re7 32. Bf1 Rb6 33. Qc5 Reb7 34. Bc3
Qe7 35. Qa5 Rxb4 36. Bxb4 Rxb4 37. Rxd5 cxd5 38. Qxd5+ Qf7 39. Qc5 Rb1 40. Kg2
Kh7 41. Bc4 Rc1 42. Bxf7 Rxc5 43. h4 g6 44. Be8 Kg7 45. Bd7 Kf6 46. Be8 Rc8 47.
Ba4 Ra8 48. Bc6 Ra6 49. Bb7 Rb6 50. Ba8 Ke5 51. Kh2 Kd6 0-1

[Event "Portugal Open 2020"]
[Site "Lisboa POR"]
[Date "2020.01.29"]
[Round "6.39"]
[White "Heid, Michael"]
[Black "Silich, Yahor"]
[Result "0-1"]
[WhiteElo "1953"]
[BlackElo "2158"]
[WhiteFideId "16276949"]
[BlackFideId "13513656"]
[BlackTitle "FM"]
[WhiteCountry "GER"]
[BlackCountry "BLR"]
[PlyCount "110"]
[EventDate "2020.??.??"]

1. d4 Nf6 2. Bf4 g6 3. e3 Bg7 4. c3 d6 5. Bd3 Nc6 6. Nf3 O-O 7. h3 Nd7 8. Bg5
Qe8 9. Na3 a6 10. d5 Nce5 11. Be2 Nxf3+ 12. Bxf3 b5 13. Nc2 Bb7 14. O-O Ne5 15.
Be2 c5 16. f4 Nc4 17. Bxc4 bxc4 18. Na3 e6 19. e4 exd5 20. exd5 Qe4 21. Re1 Qxd5
22. Qxd5 Bxd5 23. Rad1 Be6 24. Rxd6 Rfb8 25. Re2 Rb7 26. Kf2 h6 27. Bh4 Rab8 28.
Rdd2 Kh7 29. Ke1 h5 30. Bg5 a5 31. Kd1 Bxc3 32. Rc2 Bxb2 33. Nxc4 Bd4 34. Nxa5
Rb1+ 35. Rc1 R8b2 36. Rxb2 Rxb2 37. Rc2 Rb1+ 38. Rc1 Rxc1+ 39. Kxc1 Bxa2 40. Kc2
Bd5 41. Nb3 Bf2 42. Be7 Bxg2 43. h4 c4 44. Nd2 Bd5 45. Kc3 Be1 46. Bf6 Be6 47.
Kc2 Bg3 48. Kc3 Be1 49. Kc2 Kg8 50. Kd1 Bg3 51. Bg5 Bg4+ 52. Kc2 Be2 53. Kc3 Be1
54. Kc2 Kg7 55. Be7 f6 0-1

[Event "Portugal Open 2020"]
[Site "Lisboa POR"]
[Date "2020.01.29"]
[Round "6.40"]
[White "Monteiro, José"]
[Black "Tscharotschkin, Michael"]
[Result "0-1"]
[WhiteElo "1881"]
[BlackElo "2156"]
[WhiteFideId "1908057"]
[BlackFideId "4619510"]
[WhiteCountry "POR"]
[BlackCountry "GER"]
[PlyCount "98"]
[EventDate "2020.??.??"]

1. e4 e6 2. d4 d5 3. Nc3 Bb4 4. exd5 exd5 5. Bd3 c6 6. a3 Bd6 7. h3 Qf6 8. Nf3
h6 9. O-O Ne7 10. Re1 Be6 11. Ne5 Nd7 12. Qe2 g5 13. Bd2 h5 14. Qe3 Rg8 15. g4
hxg4 16. hxg4 Qh8 17. Kg2 Bxe5 18. Rh1 Qf6 19. dxe5 Nxe5 20. f3 Nxd3 21. Qxd3
Ng6 22. Rae1 O-O-O 23. Na4 Rh8 24. Kg3 Rxh1 25. Rxh1 d4 26. Qe4 Bd5 27. Qf5+
Qxf5 28. gxf5 Ne5 29. Bxg5 Rg8 30. Kf4 Nxf3 31. Bf6 b6 32. b4 Re8 33. Rh8 Rxh8
34. Bxh8 Ne1 35. Bxd4 Nxc2 36. Bb2 Ne1 37. Bc3 Ng2+ 38. Ke5 Ne3 39. Bd4 Nc4+ 40.
Kf6 Nxa3 41. Bxb6 axb6 42. Nxb6+ Kc7 43. Nxd5+ cxd5 44. Kxf7 d4 45. Ke6 Nb5 46.
f6 Nd6 47. b5 d3 48. b6+ Kc6 49. b7 Nxb7 0-1

[Event "Portugal Open 2020"]
[Site "Lisboa POR"]
[Date "2020.01.29"]
[Round "6.41"]
[White "Santos, António P"]
[Black "Figueiredo, Mário"]
[Result "1-0"]
[WhiteElo "2152"]
[BlackElo "1939"]
[WhiteFideId "1900161"]
[BlackFideId "1902601"]
[WhiteTitle "FM"]
[WhiteCountry "POR"]
[BlackCountry "POR"]
[PlyCount "57"]
[EventDate "2020.??.??"]

1. d4 c5 2. d5 e5 3. c4 d6 4. e4 Nf6 5. Nc3 Be7 6. a3 h5 7. h3 h4 8. Be3 Nbd7 9.
Qd2 Nf8 10. b4 b6 11. bxc5 bxc5 12. Rb1 Ng6 13. Bd3 Nh5 14. Nge2 O-O 15. O-O f5
16. exf5 Bxf5 17. Rb7 Bxd3 18. Qxd3 Ngf4 19. Bxf4 Nxf4 20. Nxf4 Rxf4 21. Qg6 Rf6
22. Qg4 Rh6 23. Rfb1 Qf8 24. Rd7 Re8 25. Rbb7 Bf6 26. Ne4 Rh7 27. Nxd6 e4 28.
Nxe8 Qxe8 29. Qe6+ 1-0

[Event "Portugal Open 2020"]
[Site "Lisboa POR"]
[Date "2020.01.29"]
[Round "6.42"]
[White "Terwagne, Bertrand"]
[Black "Garcia Dorado, Alberto"]
[Result "0-1"]
[WhiteElo "1796"]
[BlackElo "2152"]
[WhiteFideId "243078"]
[BlackFideId "2252244"]
[BlackTitle "CM"]
[WhiteCountry "BEL"]
[BlackCountry "ESP"]
[PlyCount "64"]
[EventDate "2020.??.??"]

1. Nf3 d5 2. d4 Nf6 3. c4 e6 4. g3 dxc4 5. Bg2 Nc6 6. Qa4 Bb4+ 7. Bd2 Nd5 8.
Bxb4 Ndxb4 9. Ne5 O-O 10. Bxc6 Nxc6 11. Nxc6 bxc6 12. Qxc4 Rb8 13. b3 Ba6 14.
Qc3 Qd5 15. f3 Rfd8 16. Kf2 Qxd4+ 17. Qxd4 Rxd4 18. Nc3 Rbd8 19. Rhd1 c5 20. Ke1
Kf8 21. Ne4 c4 22. b4 e5 23. Nc5 Bb5 24. e3 Rxd1+ 25. Rxd1 Rd6 26. a4 Bc6 27. e4
Ke7 28. b5 Bd7 29. Na6 c6 30. Rxd6 Kxd6 31. bxc6 Bxc6 32. a5 Bb7 0-1

[Event "Portugal Open 2020"]
[Site "Lisboa POR"]
[Date "2020.01.29"]
[Round "6.43"]
[White "Santos, Júlio"]
[Black "Silva, Gonçalo"]
[Result "0-1"]
[WhiteElo "1880"]
[BlackElo "2133"]
[WhiteFideId "1900650"]
[BlackFideId "1915100"]
[WhiteTitle "NM"]
[WhiteCountry "POR"]
[BlackCountry "POR"]
[PlyCount "140"]
[EventDate "2020.??.??"]

1. e4 c5 2. Nf3 Nc6 3. d4 cxd4 4. Nxd4 e5 5. Nxc6 bxc6 6. Bc4 Nf6 7. Qe2 Bc5 8.
O-O O-O 9. Bg5 h6 10. Bxf6 Qxf6 11. Ba6 d5 12. Bxc8 Rfxc8 13. c3 d4 14. Rd1 a5
15. a4 Rab8 16. Na3 Rb3 17. Qc2 Rcb8 18. Nb5 Qe6 19. cxd4 Bxd4 20. Nxd4 exd4 21.
Rxd4 Rxb2 22. Qd3 R8b3 23. Qf1 Rc3 24. Rc1 Rxc1 25. Qxc1 Qb3 26. Rd1 Re2 27. h3
Qxa4 28. Rd8+ Kh7 29. e5 Qe4 30. Rd1 a4 31. Qc5 h5 32. e6 Re1+ 33. Kh2 Qe5+ 34.
Qxe5 Rxe5 35. exf7 Rf5 36. Rd7 Rxf2 37. Rc7 Kg6 38. Rxc6+ Kxf7 39. Ra6 Ra2 40.
h4 a3 41. Kg3 Ke7 42. Kf4 Rxg2 43. Rxa3 Rg4+ 44. Kf5 Kf7 45. Rh3 g6+ 46. Ke5 Kg7
47. Rh1 Ra4 48. Ke6 Rf4 49. Ke5 Rf2 50. Rh3 Kh6 51. Ra3 Rf1 52. Rb3 Kg7 53. Rb7+
Rf7 54. Rb1 g5 55. hxg5 Kg6 56. Ke4 h4 57. Rh1 Kxg5 58. Rg1+ Kh5 59. Rg8 h3 60.
Rh8+ Kg4 61. Rg8+ Kh4 62. Rh8+ Kg3 63. Rg8+ Kh2 64. Ke3 Kh1 65. Rg3 h2 66. Rg8
Rf1 67. Ke2 Rg1 68. Rh8 Kg2 69. Rg8+ Kh3 70. Rh8+ Kg3 0-1